| 000 | 01422cab a2200265 4500 | ||
|---|---|---|---|
| 001 | ABS56113 | ||
| 008 | 090401t1996 xxu||||| |||| 00| 0 eng d | ||
| 035 | _a(Sirsi) u21313 | ||
| 041 | _aeng | ||
| 245 | _aR v East Sussex Valuation Tribunal ex parte Silverstone | ||
| 260 | _c1996 | ||
| 350 | _a0 | ||
| 490 |
_aRating & Valuation Reporter _v[1996] RVR 203-205(3) |
||
| 520 | _aQBD 8 May 1996. The applicant bought two flats and converted them into one dwelling. Each flat had been in council tax band C, the applicant applied to have the dwelling as one entry in band C. However the listing officer believed the single property to be in Band E. It was held that in this case Council Tax (Situation and Valuation of Dwellings) Regulations 1992 regulation 4, stating that no alteration of valuation band should be made unless a reduction in value of dwelling. In this case the action consisted of removing two dwellings from the list, not altering the band and determining the appropriate valuation band for the new dwelling. | ||
| 650 | _aBANDING | ||
| 650 | _aCONVERSIONS | ||
| 650 | _aCOUNCIL TAX (SITUATION AND VALUATION OF DWELLINGS) REGULATIONS 1992 | ||
| 650 | _aCOUNCIL TAX BANDS | ||
| 650 | _aCOUNCIL TAX | ||
| 650 | _aGOVERNMENT FINANCE ACT 1992 | ||
| 650 | _aR V EAST SUSSEX VALUATION TRIBUNAL EX P SILVERSTONE | ||
| 690 | _aRATING AND VALUATION-CASE LAW | ||
| 942 | _n0 | ||
| 948 | _c04/03/1997 | ||
| 999 |
_c14310 _d14310 |
||